00414nam a2200157Ia 4500003000400000005001700004008004100021040000700062041000800069082002500077100004700102245003600149260004700185300001100232365001300243OSt20230509111409.0210423s2006 xx 000 0 und d cAL aeng a574.80285223b ATTT aATTAWOOD (Teresa K);PARRY SMITH (David J). aIntroduction to bioinformatics. aNew DelhibPearson Education Pvt Ltdc2006 axx,218 b160cINR